Szczegóły MARC21

Strategische Unternehmungsplanung- strategische Unternehmungsführung : Stand und Entwicklungstendenzen /

005 -DATA I CZAS OSTATNIEJ MODYFIKACJI [,]
    • @
    • pole kontrolne
    • 20070315155141.9
020 -Międzynarod. znormalizowany nr książki - ISBN [ , ]
    • a
    • Numer ISBN
    • 3790811556 Find
040 -Instytucja sporządzająca opis [ , ]
    • a
    • Instytucja, która sporządziła opis (NP)
    • SZCZ U
    • c
    • Instytucja, która sporządziła rekord (NP)
    • SZCZ U
041 -Język dokumentu [0, ]
    • a
    • Język tekstu (P)
    • niemiecki
    • h
    • Język tekstu oryginalnego i/lub pośredniego (P)
    • niemiecki
942 -Rodzaj dokumentu [ , ]
    • c
    • Rodzaj dokumentu
    • Książka
245 -Strefa tytułu i oznaczenia odpowiedzialności [0, ]
    • a
    • Tytuł
    • Strategische Unternehmungsplanung- strategische Unternehmungsführung : Find
    • b
    • Ciąg dalszy tytułu (NP)
    • Stand und Entwicklungstendenzen / Find
    • c
    • Pozostałe elementy strefy tytułu i oznaczenia odpowiedzialności (NP)
    • Hrsg. von Dietger Hahn und Bernard Taylor.
250 -Strefa wydania [ , ]
    • a
    • Oznaczenie wydania (NP)
    • 8.,aktualisierte Aufl.
260 -Strefa adresu wydawniczego [ , ]
    • a
    • Miejsce wydania (P)
    • Heidelberg :
    • b
    • Nazwa wydawcy (P)
    • "Physica Verl.",
    • c
    • Data wydania (P)
    • 1999.
300 -Strefa opisu fizycznego [ , ]
    • a
    • Określenie formy książki i/lub objętość (NP)
    • XXX,1173 s. :
    • b
    • Oznaczenie ilustracji (NP)
    • rys. :
    • c
    • Format (NP)
    • 25 cm.
500 -Uwaga ogólna [ , ]
    • a
    • Uwaga ogólna (NP)
    • Kilka art. w jęz. ang. - Bibliogr. Ind
080 -Uniwersalna Klasyfikacja Dziesiętna [ , ]
    • a
    • Symbol klasyfikacji
    • 65.01=30
080 -Uniwersalna Klasyfikacja Dziesiętna [ , ]
    • a
    • Symbol klasyfikacji
    • :658.1/.5=30
980 -Symbol UKD [ , ]
    • a
    • UKD
    • 65.01:658.1/.5]=30
700 -Hasło dodatkowe - nazwa osobowa [ , ]
    • a
    • Nazwa osobowa (NP)
    • Hahn Dietger Find
700 -Hasło dodatkowe - nazwa osobowa [ , ]
    • a
    • Nazwa osobowa (NP)
    • Taylor Bernard Find
920 -ISBN [ , ]
    • a
    • ISBN
    • 3-7908-1155-6 Find
Status udost. Numer inwentarzowy Sygnatura Lokalizacja Data inwentaryzacji
-2S.874512007-07-06BE2001-01-09